Muebles de estilo español (Record no. 47102)

MARC details
000 -LEADER
campo de control de longitud fija 00734nam a2200193 i 4500
001 - NÚMERO DE CONTROL
campo de control 47102
003 - IDENTIFICADOR DE NÚMERO DE CONTROL
campo de control ES-MaACL
005 - FECHA Y HORA DE LA ÚLTIMA TRANSACCIÓN
campo de control 20231227175041.0
007 - CAMPO FIJO DE DESCRIPCIÓN FÍSICA--INFORMACIÓN GENERAL
campo de control de longitud fija t|
008 - DATOS DE LONGITUD FIJA--INFORMACIÓN GENERAL
campo de control de longitud fija 030403s1972 sp ||||1| spa d
100 1# - ENTRADA PRINCIPAL--NOMBRE DE PERSONA
Nombre de persona Lozoya, Juan de Contreras y López de Ayala,
Títulos y otros términos asociados al nombre Marqués de,
Fechas asociadas al nombre 1893-1978
9 (RLIN) 129112
245 10 - MENCIÓN DEL TÍTULO
Título Muebles de estilo español
Resto del título : desde el gótico hasta el siglo XIX con el mueble popular /
Mención de responsabilidad, etc. texto del Marqués de Lozoya ; selección de ilustraciones, por José Claret Rubira.
250 ## - MENCION DE EDICION
Mención de edición 4ª ed.
260 ## - PUBLICACIÓN, DISTRIBUCIÓN, ETC.
Lugar de publicación, distribución, etc. Barcelona :
Nombre del editor, distribuidor, etc. Gustavo Gili,
Fecha de publicación, distribución, etc. [1972]
300 ## - DESCRIPCIÓN FÍSICA
Extensión 452 p. :
Otras características físicas 408 lám. ;
Dimensiones 31 cm.
700 1# - ENTRADA AGREGADA--NOMBRE PERSONAL
Nombre de persona Claret Rubira, José.
9 (RLIN) 39013
852 ## - LOCALIZACIÓN
Ubicación ES-MaACL
Número de control de estantería C-47206
Sublocalización o colección R.84438
Holdings
Estatus retirado Estado de pérdida Estado de daño No para préstamo Biblioteca de origen Biblioteca actual Ubicación en estantería Fecha de adquisición Fuente de adquisición Total de préstamos Signatura topográfica completa Código de barras Visto por última vez Precio de reemplazo Tipo de ítem Koha
        Biblioteca del Ateneo de Madrid Biblioteca del Ateneo de Madrid Depósito 2 17/01/2008     C-47206 1049544 23/02/2023 23/02/2023 Libro impreso